000 00257nam a22001097a 4500
008 170112b xxu||||| |||| 00| 0 eng d
020 _a9780815152859
041 _aeng
080 _a618.2
245 _aMOSBY'S PSYCHIATRIC NURSING
_cJACK, L.W
942 _2udc
_cBK
999 _c2786
_d2786